Missing Word: Movie Sequel Taglines Quiz Stats

 Plays Quiz Updated Nov 29, 2016

Support Sporcle.
Go Orange.
Score 0/30 Timer 04:00
0 Plays Today
Hint Answer % Correct
_____ and the Chipmunks: The SqueakquelAlvin
95.3%
Pirates of the Caribbean: _____ Man's ChestDead
94.8%
Night at the _____: Battle of the SmithsonianMuseum
94%
Bring It On: All or _____Nothing
93.2%
G.I. _____: RetaliationJoe
90.7%
Austin Powers: The _____ Who Shagged MeSpy
89.1%
The Lord of the Rings: The Two _____Towers
89%
Garfield: A Tail of _____ KittiesTwo
86.8%
Ace Ventura: When _____ CallsNature
85.1%
Fantastic Four: Rise of the _____ SurferSilver
82.3%
The Hunger Games: _____ FireCatching
81.4%
Charlie' s Angels: Full _____Throttle
81.3%
The _____ of Narnia: Prince CaspianChronicles
80.7%
Babe: Pig in the _____City
80.2%
The _____: The Desolation of SmaugHobbit
77.9%
Hint Answer % Correct
Crank: _____ VoltageHigh
75.7%
Dumb and Dumberer: When _____ Met LloydHarry
74%
300: Rise of an _____Empire
72%
Madagascar: Escape 2 _____Africa
69.6%
The X-Files: I _____ to BelieveWant
69.3%
xXx: _____ of the UnionState
68.2%
Wall Street: Money Never _____Sleeps
67.9%
Captain America: The _____ SoldierWinter
63.9%
National Treasure: _____ of SecretsBook
60.7%
Major League: _____ to the MinorsBack
58.7%
Transformers: _____ of the FallenRevenge
54.9%
Van Wilder: The _____ of TajRise
53.4%
Bridget Jones: The _____ of ReasonEdge
50%
Thor: The Dark _____World
44.2%
Dirty Dancing: _____ NightsHavana
38.2%

Today's Daily Dose

You're not logged in!

Compare scores with friends on all Sporcle quizzes.
OR
Log In

From the Vault

Cascade of Overlapping Clues

by survivor

This is one of the most original quizzes we've seen in a while.
Remove Ads.
Support Sporcle.
Get the best of Sporcle when you Go Orange. This ad-free experience offers more features, more stats, and more fun while also helping to support Sporcle. Thank you for becoming a member.

Show Comments

Extras

Top Quizzes Today


Score Distribution

Your Account Isn't Verified!

In order to create a playlist on Sporcle, you need to verify the email address you used during registration. Go to your Sporcle Settings to finish the process.

Report this User

Report this user for behavior that violates our Community Guidelines.

Details: